000 00798cab a2200265 4500
001 ABS46581
008 090401t1992 xxu||||| |||| 00| 0 eng d
035 _a(Sirsi) u58795
041 _aeng
100 _aLloyd, I.J.
245 _aComputer at work
260 _c1992
350 _a0
490 _aScots Law Times
_v(20) 12 June 1992, 177-181(5)
520 _aReviews the EC Directive on the use of computers at work which lays down minimum health and safety requirements.
650 _aEC DIRECTIVE 90/270
650 _aERGONOMICS
650 _aHEALTH AND SAFETY
_96244
650 _aREPETITIVE STRAIN INJURY
690 _aEUROPE-SINGLE MARKET
690 _aMANAGEMENT-BUSINESS MANAGEMENT-INFORMATION MANAGEMENT
700 _aSimpson, M.J.
942 _n0
948 _c04/03/1997
999 _c35951
_d35951